000 00602nam a22002057a 4500
003 OSt
005 20260309074031.0
008 260309b |||||||| |||| 00| 0 eng d
020 _a1-59339-032-7
040 _aDWCL-Main Lib
_cOC
082 _aGR. 550 B862 2003
110 _aBRITANICA
_eCorporate Author
245 _aBritanica learning library : planet earth
260 _aChicago :
_bEncyclopaedia Britanica,
_cc2003
300 _a63 p. :
_bill. (chiefly col.) ;
_c 29 cm.
504 _a1. Includes glossary.
650 _aEarth (Science).
650 _aPlanet earth.
942 _2ddc
_cGR
_mGR.
_n0
999 _c8754
_d8754